Statistics for U.S. Presidents by Age They Died At

Click here to take the quiz!

General Stats

  • This quiz has been taken 52 times
  • The average score is 32 of 39

Answer Stats

Age at DeathPresident(s)% Correct
90John Adams
94%
80John Q. Adams
94%
56Abraham Lincoln
91%
63Franklin Roosevelt
91%
46John F. Kennedy
91%
60Theodore Roosevelt
91%
66Andrew Johnson
88%
67
George Washington
88%
94George Bush
88%
93Gerald Ford
88%
85James Madison
88%
64Lyndon Johnson
88%
83Thomas Jefferson
88%
78Andrew Jackson
84%
49James Garfield
84%
73James Monroe
84%
53James Polk
84%
81Richard Nixon
84%
67Benjamin Harrison
81%
60Calvin Coolidge
81%
64Franklin Pierce
81%
63Ulysses S. Grant
81%
68William Harrison
81%
78Dwight Eisenhower
78%
88Harry Truman
78%
77James Buchanan
78%
93Ronald Reagan
78%
58William McKinley
78%
67Woodrow Wilson
78%
65Zachary Taylor
78%
56Chester A. Arthur
75%
71Grover Cleveland
75%
90Herbert Hoover
75%
71John Tyler
75%
74Millard Fillmore
75%
57Warren Harding
75%
72William Taft
75%
79Martin Van Buren
72%
70Rutherford B.Hayes
69%

Score Distribution

Percentile by Number Answered

Percent of People with Each Score

Your Score History

You have not taken this quiz